000 00253 a2200109 4500
001 68557
040 _cAnchieta - Itaigara
240 1 0 _aA esperança de Jubinha
_l
245 1 0 _aA esperança de Jubinha
650 4 _aLiteratura infanto-juvenil
942 _cMU
999 _c68557
_d68557